[Event "Wch U16"]
[Site "Montevideo"]
[Date "2017.09.22"]
[Round "6"]
[White "Aravena Navarro, Alexis Andres"]
[Black "Guichaman Andrade, Pablo"]
[Result "1-0"]
[WhiteElo "1821"]
[BlackElo "1685"]
[PlyCount "121"]
[EventDate "2017.09.17"]
[EventType "swiss"]
[EventRounds "11"]
[EventCountry "URU"]
[SourceTitle "CBM 180 Extra"]
[Source "ChessBase"]
[SourceDate "2017.10.06"]
[SourceVersion "1"]
[SourceVersionDate "2017.10.06"]
[SourceQuality "1"]

1. g3 g6 2. Bg2 Bg7 3. c4 d6 4. Nc3 Nf6 5. e3 e5 6. Nge2 0-0 7. 0-0 Nbd7 8. d3 Nh5 9. b4 f5 10. Qb3 Kh8 11. Bd2 g5 12. Rab1 c6 13. h3 Nhf6 14. Qa3 e4 15. dxe4 Ne5 16. exf5 Bxf5 17. e4 Nxc4 18. Qc1 Nxd2 19. Qxd2 Bg6 20. Qxg5 Re8 21. f3 d5 22. Qe3 dxe4 23. fxe4 Qb6 24. Qxb6 axb6 25. Rf4 Bh6 26. Rxf6 Bg7 27. Rff1 Ra3 28. Rb3 Rxb3 29. axb3 Bh5 30. g4 Bg6 31. h4 h6 32. h5 Bh7 33. Rf7 Bg8 34. Rxb7 c5 35. Rxb6 cxb4 36. Rxb4 Be6 37. Bf3 Rd8 38. Nd5 Bf8 39. Rb7 Bc5+ 40. Kg2 Rd7 41. Rxd7 Bxd7 42. Nef4 Bd6 43. Ng6+ Kg7 44. e5 Bc5 45. Nf6 Be6 46. Bd5 Bc8 47. Kf3 Bd4 48. Ke4 Bc3 49. Ne8+ Kh7 50. e6 Bb4 51. Ne5 Be7 52. Kf5 Ba6 53. Nd7 Kg8 54. Nef6+ Kg7 55. Be4 Be2 56. Nd5 Bd6 57. e7 Bxe7 58. Nxe7 Kh8 59. Ng6+ Kg7 60. Nde5 Bd1 61. b4 1-0

[Event "Wch U16"]
[Site "Montevideo"]
[Date "2017.09.20"]
[Round "5"]
[White "Slater Jones, Henry"]
[Black "Aravena Navarro, Alexis Andres"]
[Result "1-0"]
[WhiteElo "1760"]
[BlackElo "1821"]
[PlyCount "75"]
[EventDate "2017.09.17"]
[EventType "swiss"]
[EventRounds "11"]
[EventCountry "URU"]
[SourceTitle "CBM 180 Extra"]
[Source "ChessBase"]
[SourceDate "2017.10.06"]
[SourceVersion "1"]
[SourceVersionDate "2017.10.06"]
[SourceQuality "1"]

1. d4 Nf6 2. c4 c5 3. d5 b5 4. cxb5 a6 5. bxa6 g6 6. Nc3 Bg7 7. Nf3 0-0 8. e4 d6 9. Be2 Bxa6 10. Bxa6 Rxa6 11. 0-0 Nbd7 12. a4 Qa8 13. Qc2 Rb8 14. Nd2 Rb4 15. b3 Rd4 16. Bb2 Rb6 17. Nc4 Rxc4 18. bxc4 Rxb2 19. Qxb2 Nxe4 20. Rfc1 Bd4 21. Rc2 Qa5 22. Ra3 Ne5 23. Qb5 Bxc3 24. Raxc3 Qc7 25. Rb3 Kg7 26. a5 Nd7 27. a6 Nef6 28. Ra2 h5 29. a7 Nxd5 30. a8Q N5b6 31. Qac6 Qd8 32. Qa6 Qh8 33. Rxb6 Qh6 34. Rb1 Ne5 35. Qe4 Qg5 36. Re2 f5 37. f4 Qg4 38. Qe3 1-0

[Event "South America-ch U14 13th"]
[Site "Santiago de Chile"]
[Date "2016.12.03"]
[Round "4"]
[White "Aravena Navarro, Alexis Andres"]
[Black "Araoz Andrade, Ivan Alexander"]
[Result "1/2-1/2"]
[WhiteElo "1633"]
[BlackElo "1832"]
[PlyCount "59"]
[EventDate "2016.12.01"]
[EventType "swiss"]
[EventRounds "9"]
[EventCountry "CHI"]
[SourceTitle "EXT 2018"]
[Source "ChessBase"]
[SourceDate "2017.10.13"]
[SourceVersion "1"]
[SourceVersionDate "2017.10.13"]
[SourceQuality "1"]

1. e4 e5 2. Nf3 Nc6 3. Bc4 Bc5 4. c3 Nf6 5. d3 d6 6. Bb3 0-0 7. 0-0 Bg4 8. Nbd2 a6 9. Re1 Ba7 10. h3 Bd7 11. Nf1 Ne7 12. Ng3 Ng6 13. Be3 Qc8 14. Qd2 Bxe3 15. fxe3 h6 16. Rf1 c5 17. Qe2 b5 18. Nd2 Nh7 19. Nf5 Bxf5 20. Rxf5 Ne7 21. Rf2 Ng5 22. Raf1 Ra7 23. Qh5 Nc6 24. g4 c4 25. dxc4 Na5 26. cxb5 Nxb3 27. axb3 axb5 28. h4 Nh3+ 29. Kg2 Nxf2 30. Rxf2 1/2-1/2